01798 2200277 4500001002100000005001500021008004100036020002200077035002000099041000600119082001100125084001700136090001600153100001800169245010400187260004400291300004500335520100600380650001801386990001801404990001701422990001701439990001701456990001701473990003001490INLIS00000000000568120260206015540260206 g 0 ind  a978-602-998-876-5 a0010-0322000457 ai a631.86 a631.86 DAR p a631.8 SUS p0 aDarma Susetya1 aPanduan Lengkap Membuat Pupuk Organik :buntuk tanaman pertanian, perkebunan /cDarma Susetya, S.P. aYogyakarta :bPustaka Baru Press,c2015 aviii, 160 halaman :bilustrasi ;c23 cm. aGerakan pertanian organik sudah dimulai di mancanegara semenjak tahun 1970-an. Akibat lebih banyak dampak buruk revolusi hijau, maka masyarakat lebih menginginkan produk pertanian yang baik bagi kesehatan manusia dan sekaligus ramah lingkungan. Amerika Serikat dan negara-negara Eropa sangat memperhatikan hal ini dengan dimulainya penerapan gerakan pertanian organik. Dengan demikian, secara perlahan pertanian organik berkembang dan produknya harus mempunyai standar yang lebih tinggi. Pertanian organik juga berkembang di Asia, terutama di Jepang, Thailand, Malaysia, dan Filipina. Buku SPM: Panduan Lengkap Membuat Pupuk Organik Untuk Tanaman ini membahas seluk-beluk pertanian organik, antara lain: Tingginya kebutuhan akan produk dan media tanam organik; Manfaat produk organik bagi kesehatan tubuh; Manfaat pupuk organik bagi kualitas tanah dan produk pertanian; Cara membuat pupuk organik yang ramah lingkungan; Cara memasarkan pupuk organik untuk meningkatkan kesejahteraan petani. 4apupuk organik a123/STPP/2018 a2023/HD/0519 a2025/HD/0189 a2025/HD/0359 a2025/HD/0360 a220/polbangtanmalang/2019